000 00531nam a22001817a 4500
005 20251108170104.0
008 250721s2003 xx 000 0 ara d
082 1 4 _aم/903/نبه
100 1 _aنبهان، يحيى
245 1 0 _aمعجم مصطلحات الجغرافيا و التاريخ /
264 1 _aعمان :
_bدار يافا للنشر،
_c2003.
300 _a447ص.
650 1 7 _aالجغرافيا
650 1 7 _aالتاريخ
650 1 7 _aمعاجم المصطلحات
942 _2ddc
_cREF
999 _c39454
_d39454